| 000 | 00346cam a22000977a 4500 | ||
|---|---|---|---|
| 008 | 180718b1963 xxu||||| |||| 00| 0 eng d | ||
| 082 | _aYA537096 Un3/61 | ||
| 245 | _aProceedings of the United Nations conference on new sources of energy : solor energy, wind power and geothermal energy | ||
| 260 |
_aNew York _bUnited Nations _c1963 |
||
| 300 | _a218+p. | ||
| 999 |
_c499251 _d499251 |
||